000 00571nam a2200193Ia 4500
005 20250508165931.0
008 008 250505s9999 xx 000 0 eng d
037 _aTextual
040 _aFEDL
_beng
_cFEDL
041 _aeng
_2eng
084 _a809.933 58, BHA
_qFEDL
100 _aBhabha Homi K
245 0 _aLocation of culture
260 _aLondon, UK
_bRoutledge
_c1994
300 _axxxi, 408p.
546 _aGifted by HOD Namita Ranganathan in memory of Prof. Arvind Gaysu
942 _cTEXL
_h809.933 58, BHA
999 _c1398269
_d1398269